000
00375nam a2200133Ia 4500
008
151001s9999||||xx |||||||||||||| ||und||
100
_a
वाणप्रस्थी प्राणनाथ
245
_a
गुरु नानक देव
250
_a
1
260
_b
शिक्षा भारती
260
_c
1981
300
_a
40
365
_b
18
999
_c
964695
_d
964692